|
|
|
|
| LEADER |
00000nam0a2200000 4500 |
| 001 |
216909 |
| 005 |
20231101230057.0 |
| 035 |
|
|
|a (RuTPU)RU\TPU\book\236884
|
| 090 |
|
|
|a 216909
|
| 100 |
|
|
|a 20120529d1968 km y0rusy50 ca
|
| 101 |
0 |
|
|a rus
|
| 102 |
|
|
|a RU
|
| 105 |
|
|
|a a z 001zy
|
| 200 |
1 |
|
|a Руководство по дренированию карьерных полей
|f В. А. Мироненко [и др.]
|g Всесоюзный научно-исследовательский институт горной геомеханики и маркшейдерского дела (ВНИМИ)
|
| 210 |
|
|
|a Ленинград
|c [Б. и.]
|d 1968
|
| 215 |
|
|
|a 171 с.
|c ил.
|
| 320 |
|
|
|a Библиогр. в конце разд.
|
| 606 |
1 |
|
|a Карьеры
|2 stltpush
|3 (RuTPU)RU\TPU\subj\13971
|9 40502
|
| 610 |
1 |
|
|a горные работы
|
| 610 |
1 |
|
|a карьерные поля
|
| 610 |
1 |
|
|a дренирование
|
| 610 |
1 |
|
|a подземные воды
|
| 610 |
1 |
|
|a поверхностные воды
|
| 610 |
1 |
|
|a открытая разработка
|
| 610 |
1 |
|
|a осушение
|
| 610 |
1 |
|
|a месторождения
|
| 610 |
1 |
|
|a оползневые явления
|
| 610 |
1 |
|
|a буровзрывные работы
|
| 610 |
1 |
|
|a дренаж
|
| 610 |
1 |
|
|a руководство
|
| 675 |
|
|
|a 622.271
|v 3
|
| 701 |
|
1 |
|a Мироненко
|b В. А.
|
| 701 |
|
1 |
|a Фисенко
|b Г. Л.
|
| 701 |
|
1 |
|a Норватов
|b Ю. А.
|
| 701 |
|
1 |
|a Бокий
|b Л. Л.
|
| 701 |
|
1 |
|a Жернов
|b И. Е.
|
| 712 |
0 |
2 |
|a Всесоюзный научно-исследовательский институт горной геомеханики и маркшейдерского дела (ВНИМИ)
|2 stltpush
|3 (RuTPU)RU\TPU\col\12156
|
| 801 |
|
1 |
|a RU
|b 63413507
|c 20120529
|
| 801 |
|
2 |
|a RU
|b 63413507
|c 20171019
|g RCR
|
| 942 |
|
|
|c BK
|